U.S. States with the Most National Parks - Statistics

General Stats
  • This quiz has been taken 26,023 times
    25,507 since last reset
  • The average score is 6 of 7
Answer Stats
# U.S. State % Correct
9 California
97%
3 Washington
82%
4 Colorado
79%
5 Utah
79%
3 Arizona
78%
3 Florida
75%
8 Alaska
74%
No matching quizzes found
Score Distribution
Percent of People with Each Score
Percentile by Number Answered
Your Score History
You have not taken this quiz since the last reset